000 00691nam a2200289Ia 4500
005 20260324114856.0
008 008 260324s9999 xx 000 0 eng d
020 _a9780429197758
037 _aEBOOK
040 _aCRL
040 _beng
040 _cCRL
041 _2eng
041 _aeng
084 _qCRL
100 _aDavid Garfinkle; Richard Garfinkle
_91152495
245 0 _aX Marks the Spot
245 4 _bThe Lost Inheritance of Mathematics
260 _bTaylor and Francis
260 _c2021
365 _a
365 _b385
856 _uhttp://www.taylorfrancis.com/books/9780429197758
942 _cEBOOK
999 _c1742940
_d1742940